| 000 | 03709nam0a2200505 4500 | ||
|---|---|---|---|
| 001 | RU\NLR\BIBL_A\022594877 | ||
| 005 | 20260424143658.0 | ||
| 010 |
_a978-5-238-04036-3 _91000 |
||
| 021 |
_aRU _bКН-П-25-030421 _9КН-П-25-3004 |
||
| 035 | _a(NLR Aleph) 022594877 | ||
| 090 |
_a13680065 _c13680065 |
||
| 100 | _a20250801d2025 u y0rusy50 ca | ||
| 101 | 0 | _arus | |
| 102 | _aRU | ||
| 105 | _aac j 010yy | ||
| 181 | 0 |
_ai _bxxxe |
|
| 182 | 0 | _an | |
| 200 | 1 |
_aРелигиоведение и основы противодействия религиозному экстремизму _eучебник для студентов высших учебных заведений _f[Н. Д. Эриашвили – кандидат юридических наук, кандидат исторических наук, доктор экономических наук, профессор, В. В. Горохова – кандидат исторических наук, доцент, А. Е. Епифанов – доктор юридических наук, профессор, и др.] _gпод редакцией лауреата премии Правительства РФ в области науки и техники, лауреата премии Правительства РФ в области образования, кандидата юридических наук, профессора Н. Д. Эриашвили |
|
| 203 |
_aТекст _bвизуальный _cнепосредственный |
||
| 205 | _a4-е изд., перераб. и доп. | ||
| 210 |
_aМосква _cЮНИТИ _d2025 |
||
| 215 |
_a279 с. _cил., табл., портр. _d22 |
||
| 300 | _aЗагл. переплета: Религиоведение. Основы противодействия религиозному экстремизму | ||
| 300 | _aЗагл. корешка: Религиоведение | ||
| 300 | _aАвт. указаны на с. 7 | ||
| 300 | _aНа пер.: 4-е изд. | ||
| 300 | _aНа тит. с.: К 80-летию Победы в Великой Отечественной войне | ||
| 301 | _aNIION 2025-K/1171 | ||
| 301 | _aMOSURED 77/25K-171 | ||
| 320 | _aБиблиогр.: с. 271–275 (49 назв.) и в подстроч. примеч. | ||
| 512 | 1 | _aРелигиоведение. Основы противодействия религиозному экстремизму | |
| 516 | 1 | _aРелигиоведение | |
| 606 | 1 |
_aРелигиоведение _jУчебники для высших учебных заведений _91504178 _3RU\NLR\AUTH\66954339 |
|
| 606 | 1 |
_aЭкстремизм религиозный _jУчебники для высших учебных заведений _xБорьба с ним _yРоссийская Федерация _92412959 _3RU\NLR\AUTH\661437537 |
|
| 686 | 1 | _aЭ2я73 | |
| 686 | 1 | _aХ628.322.112.11я73 | |
| 701 | 1 |
_7ca _8rus _aЭриашвили _bН. Д. _f1960- _gНодари Дарчоевич _911409 _3RU\NLR\AUTH\7728378 |
|
| 701 | 1 |
_aГорохова _bВ. В. _cканд. ист. наук, полковник полиции _gВиолетта Венедиктовна _9181893 _3RU\NLR\AUTH\770181944 |
|
| 701 | 1 |
_7ca _8rus _aЕпифанов _bА. Е. _cд-р юрид. наук _f1963- _gАлександр Егорович _9101808 _3RU\NLR\AUTH\77118883 |
|
| 712 | 0 | 2 |
_4570 _aМеждународный научно-исследовательский центр судебной экспертизы и исследований _cМосква _9492593 _3RU\NLR\AUTH\880413667 |
| 942 | _cBOOK | ||
| 980 | _aNB | ||